| 000 | 01370nam2a2200289 4500 | ||
|---|---|---|---|
| 001 | RU\NLR\BIBL_A\011661288 | ||
| 005 | 20180327165315.0 | ||
| 010 |
_a978-5-13050-0 _94000 |
||
| 021 |
_aRU _bКН-П-18-011129 _9КН-П-18-0780 |
||
| 035 | _a(NLR Aleph) 011661288 | ||
| 035 | _a(RuMoRGB)009528571 | ||
| 090 |
_a11182885 _c11182885 |
||
| 100 | _a20180320d2018 u y0rusy50 ca | ||
| 101 | 0 |
_arus _ceng |
|
| 102 | _aRU | ||
| 105 | _ay z 000ay | ||
| 200 | 1 | _aЧерный Котел | |
| 210 | _d2018 | ||
| 215 | _a285, [2] с. | ||
| 461 | 0 |
_1001RU\NLR\BIBL_A\011624915 _12001#$aХроники Придайна$e[роман$eдля среднего школьного возраста]$fЛлойд Александер$g[перевод с английского Леонида Яхнина]$vКн. 2 _1700#1$aАлександер$bЛ.$gЛлойд$f1924-2007$3RU\NLR\AUTH\770184750 _911003412 _aАлександер, Л. (1924-2007) _cСанкт-Петербург [и др.] _d2017 _fЛлойд Александер _nАзбука [и др.] _o[роман : для среднего школьного возраста] _tХроники Придайна _vКн. 2 |
|
| 852 |
_aNLR _j2018-3/1753 |
||
| 942 | _cBOOK | ||
| 980 | _aNBR | ||
| 980 | _aNB | ||